| 000 | 00711nam a2200253 a 4500 | ||
|---|---|---|---|
| 001 | BRL_826 | ||
| 005 | 20190320210920.0 | ||
| 008 | 111013s1958----gw-o######---#000-0#ger-# | ||
| 041 | _ager | ||
| 044 | _agw | ||
| 050 | 4 |
_aD70 _b.M67 1958 |
|
| 100 | 1 |
_aMoreau, Jacques _925051 |
|
| 245 | 1 | 0 |
_aDie Welt der Kelten _cvon Jacques Moreau. |
| 260 |
_aStuttgart, Alemania _bGustav Kilpper _c1958 |
||
| 300 |
_a269 p. _bil., 104 láminas _c27 cm. |
||
| 440 | 0 |
_aGrosse Kulturen der Frühzeit _925052 |
|
| 500 | _aAu934 | ||
| 504 | _aBibliografía: p. 261-264 | ||
| 650 | 1 | 4 |
_aCeltas _xHistoria _925053 |
| 650 | 1 | 4 |
_aCeltas _xAntigüedades _925054 |
| 650 | 1 | 4 |
_aArte céltico _925055 |
| 902 | _aGRL | ||
| 942 |
_2lcc _cB |
||
| 999 |
_c9638 _d9638 |
||